Lecciones de jeografía física
-д хадгалсан:
| Үндсэн зохиолч: | |
|---|---|
| Формат: | Ном |
| Хэл сонгох: | испани |
| Хэвлэсэн: |
Santiago
Chile
1904
|
| Хэвлэл: | 2a. ed |
| Нөхцлүүд: | |
| Шошгууд: |
Шошго нэмэх
Шошго байхгүй, Энэхүү баримтыг шошголох эхний хүн болох!
|
MARC
| LEADER | 00000nam a2200000 a 4500 | ||
|---|---|---|---|
| 001 | UCZ8549 | ||
| 003 | CL-VaPUC | ||
| 008 | 960121e19040000CL |||||||||||||||||spa|d | ||
| 082 | 0 | 4 | |a 372.891 |b GON |2 21 |
| 100 | |a González Rocuant, J. Félix |e author |9 353951 | ||
| 245 | 1 | 0 | |a Lecciones de jeografía física |
| 250 | |a 2a. ed | ||
| 300 | |a 124 p | ||
| 942 | |c BK | ||
| 945 | |d 19960121 00:00:00 |a lriquelm | ||
| 260 | |a Santiago |b Chile |c 1904 | ||
| 650 | 0 | |a Geografía física |9 259347 | |
| 650 | 0 | |a Climatología |9 262302 | |
| 650 | 0 | |a Enseñanza de la geografía |9 310005 | |
| 650 | 0 | |a Métodos de enseñanza |9 270413 | |
| 583 | |a last modification |c 19960121 00:00:00 |k Rodrigo Vera | ||
| 999 | |c 244414 |d 244412 | ||
| 952 | |0 0 |1 0 |4 0 |6 372_891000000000000_GON_1904 |7 0 |8 P |9 258473 |a BIBEDU |b BIBEDU |c BIBEDU_PB |d 2019-11-19 |i 1619632 |o 372.891 GON 1904 |p 1619632 |r 2024-01-25 |w 2019-11-19 |y BK |k EDU | ||